| 000 | 01053nam a22001337a 4500 | ||
|---|---|---|---|
| 040 | _cNUST | ||
| 082 | _a004.22,PAT | ||
| 100 |
_aPatterson, Davide A _9112714 |
||
| 245 |
_aComputer organization & the hardware / Software Interface / _cDavide A. Patterson John L Hennnessy |
||
| 260 |
_aAmerica _bMorgan KAufmann _c1994 |
||
| 300 | _axxiv,648 and A-1- I-24 p.; | ||
| 505 | _aComputer Abstractions and Technology (Page-2), The Role of Performance (Page-46), Instructions Language of the Machine (Page-92), Arithmetic for Computers (Page-166), The Processor Data path and Control (Page-268), Enhancing Performance with Pipelining (Page-362) Large and Fast Exploiting Memory Hierarchy (Page-452), Interfacing Processors and Peripherals (Page-532), Parallel Processor (Page-594), Assemblers, Linkers, and the SPIM Simulator (Page-A-2), The Basic of Logic design (Page--2), Mapping Control to Hardware (Page-C-2), Introducing C to PAscal Programmers (Page-D-5), Another Approach to Instruction Set Architecture -VAX (Page-E-2). | ||
| 942 |
_2ddc _cBK _k004.22,PAT |
||
| 999 |
_c594859 _d594859 |
||